000
00305nam a2200097Ia 4500
008
220216s9999 xx 000 0 und d
100
_a
Nair V K B
245
0
_a
Future trends in and competition between natural and synthetic rubber
260
_b
UNIDO group meeting, Vienna, Austria, 1972
_c
1972
942
_c
JS
999
_c
59718
_d
59718